01785cam a22002895a 45000010009000000050017000090080041000260200018000670200015000850400033001000820020001331000030001532450065001832460031002482500012002792600048002913000035003395000024003745040041003985050811004396500032012506510010012826530021012929420008013139990017013219520157013381869750520160727134339.0150713t2016 enka frb f001 0 eng d a9780198746218 a0198746210 aDLCbengcDLCdDLCdEG-ScBUE04222a341.48bSMI1 aSmith, Rhona K. M.94047010aTextbook on international human rights /cRhona K. M. Smith.30aInternational human rights a7th ed. aOxford :bOxford University Press,cc.2016. axxix, 416 p. :bill. ;c25 cm. aIndex : p. 400-416. aIncludes bibliographical references.0 aIntroduction -- Historical background -- The United Nations -- The International Bill of Human Rights -- The United Nations : organizational structure -- Regional protection of human rights -- Europe -- The Organization of American States -- The African Union -- Monitoring, implementing, and enforcing human rights -- Substantive rights : general comments -- Equality and non-discrimination -- The right to life -- Freedom from torture : cruel, inhuman, and degrading treatment or punishment -- The rights to liberty of person -- Equality before the law : the right to a fair trial -- The right to self-determination -- Freedom of expression -- The right to work -- The right to education and human rights education -- Minority rights -- Rights for specific categories of persons -- Looking to the future. 7aHuman rights.2BUEsh911033 2BUEsh bLLAAWWcJuly2016 2ddc c22042d22014 00102ddc40708BaccahaMAINbMAINc1STd2016-07-27ePurchaseg480.00h26080l7m24o341.48 SMIp000032998r2025-10-25 00:00:00s2025-03-12v600.00yBB